| 000 | 00967nas a2200289 4500 | ||
|---|---|---|---|
| 001 | BR9803778 | ||
| 003 | BR-BrBNA | ||
| 005 | 20231205100839.0 | ||
| 007 | ta | ||
| 008 | 230509b bl.|||p| |||| 00| 00por d | ||
| 040 |
_aBR-BrBNA _bpor _cBiblioteca Nacional de Agricultura |
||
| 041 | _a(En) | ||
| 072 | _aL70 | ||
| 100 | 1 | _aVieira-Bressan, M.C.R. | |
| 100 | 1 | _aGennari, S.M. | |
| 100 | 1 | _aCaproni Junior, L. | |
| 100 | 1 | _aGoncalves, L.C.B. | |
| 100 | 1 | _aUmehara, O. | |
| 245 | 1 | _aComparative efficacy of two doramectin treatment schemes with a conventional treatment program for the control of endo and ectoparasites of crossbred Zebu cattle | |
| 650 | _aGado de Corte | ||
| 650 | _aAnti-Helmintico | ||
| 650 | _aGanho de Peso | ||
| 650 | _aInjecao | ||
| 773 | 0 |
_tRevista Brasileira de Parasitologia Veterinaria (Brazil) _xISSN 0103-846X _g(Feb 1998), v. 7(1) p. 63-68 _wBR9803778 |
|
| 909 |
_a202311 _bLúcia _c55 _dLúcia Elande |
||
| 942 |
_2AGRIS _n0 _cANA |
||
| 999 |
_c158414 _d158414 |
||